| 000 | 00819nam a22002175i 4500 | ||
|---|---|---|---|
| 001 | 161305 | ||
| 003 | ES-MaACL | ||
| 005 | 20250811235324.0 | ||
| 008 | 990712s1887 fr a |||| | fre d | ||
| 040 |
_aM-RABA _bspa _cM-RABA _dCCPB | B |
||
| 100 | 1 |
_aPaléologue, Maurice. _988547 |
|
| 245 | 1 | 2 |
_aL'art chinois / _cpar M. Paléologue. |
| 260 |
_aParis : _bMaison Quantin, _c[1887] |
||
| 300 |
_a320 p. : _bil. ; _c21 cm. |
||
| 490 | 1 | _aBibliotheque de l'enseignement des Beaux-Arts / publiée sous la direction de Jules Comte | |
| 596 | 1 | _aDedicatoria fechada en 1887. | |
| 650 | 7 |
_aArte chino _2embne _9135611 |
|
| 830 | 0 |
_aBibliotheque de l'enseignement des Beaux-Arts / publiée sous la direction de Jules Comte _9188113 |
|
| 852 |
_aES-MaACL _jB-2502 _z-- Enc. editorial en tela |
||
| 999 |
_c161305 _d161305 |
||